Kluby piłkarskie Nawarry, Kantabrii oraz Kastylii i Leónu - NŚ - Statystyki

Ogólne statystyki
  • Ten quiz został rozwiązany 7 razy
  • Średni wynik to 3 z 10
Answers on the Grid
Answers color-coded by a green-red scale on the quiz's grid according to % correct below.
Gimnástica Segoviana CF
Real Saragossa
Zamora CF
Real Valladolid CF
Celta Vigo
Albacete Balompié
CD Mirandés
UD Logroñés
CA Osasuna
Unionistas de Salamanca CF
CD Numancia
Racing Santander
Real Oviedo
Burgos CF
SD Ponferradina
AD Ceuta FC
Cultural y Deportiva Leonesa
CF Rayo Majadahonda
 
Statystyki odpowiedzi
Odpowiedź % Poprawnych
CA Osasuna
67%
Real Valladolid CF
67%
Racing Santander
33%
Burgos CF
17%
CD Mirandés
17%
Cultural y Deportiva Leonesa
17%
Gimnástica Segoviana CF
17%
SD Ponferradina
17%
Unionistas de Salamanca CF
17%
Zamora CF
17%
Nie znaleziono quizów pasujących do podanych kryteriów
Rozkład punktacji
Procent ludzi z każdym wynikiem
Percentyl według liczby udzielonych odpowiedzi
Twoja historia wyników
Nie rozwiązałeś tego quizu